000 00309nam a2200109Ia 4500
008 190907s9999||||xx |||||||||||||| ||und||
100 _aCraig Hunt
245 0 _aNetworking Personal Computers with TCP IP a Guide for Network Adminintrators
260 _aNew York
_bO'Reilly
_c1995
300 _a383
942 _cBK
999 _c6501
_d6501